Top 10 paesi produttori di zucche - Statistics

Statistiche generali
  • Questo quiz è stato fatto 48 volte
  • Il punteggio medio è 8 su 10
Statistiche sulle risposte
Quantità (t, 2023) Paese % Corretto
5.746.048 Cina
98%
823.537 Stati Uniti
98%
462.949 Spagna
93%
503.955 Italia
91%
4.101.981 India
87%
986.908 Russia
87%
568.370 Messico
78%
927.549 Ucraina
72%
455.893 Turchia
67%
555.612 Egitto
33%
Nessun quiz corrispondente trovato
Distribuzione punteggi
Percentuale di utenti per punteggio
Percentile per numero di risposta
I tuoi punteggi nel tempo
Non hai fatto questo quiz